Major companies of Europe 2003 (Record no. 160915)
[ view plain ]
| 000 -LEADER | |
|---|---|
| fixed length control field | 00352nam a2200145 a 4500 |
| 008 - FIXED-LENGTH DATA ELEMENTS--GENERAL INFORMATION | |
| fixed length control field | |
| 020 ## - INTERNATIONAL STANDARD BOOK NUMBER | |
| International Standard Book Number | 1860993109 |
| 003 - CONTROL NUMBER IDENTIFIER | |
| control field | |
| 005 - DATE AND TIME OF LATEST TRANSACTION | |
| control field | 20230123134141.0 |
| 040 ## - CATALOGING SOURCE | |
| Transcribing agency | NUST |
| 049 ## - LOCAL HOLDINGS (OCLC) | |
| Holding library | MAIN |
| 245 10 - TITLE STATEMENT | |
| Title | Major companies of Europe 2003 |
| Number of part/section of a work | Volume6 |
| 907 ## - LOCAL DATA ELEMENT G, LDG (RLIN) | |
| a | .b10185938 |
| b | 16-01-06 |
| c | 16-01-06 |
| 942 ## - ADDED ENTRY ELEMENTS (KOHA) | |
| Koha item type | Ordinary Loan Books |
| Date last seen | Total Checkouts | Barcode | Cost, replacement price | Price effective from | Koha item type | Lost status | Source of classification or shelving scheme | Damaged status | Not for loan | Collection | Withdrawn status | Home library | Current library | Shelving location | Date acquired | Cost, normal purchase price |
|---|---|---|---|---|---|---|---|---|---|---|---|---|---|---|---|---|
| 01/23/2023 | 92003034420 | 80.00 | 01/23/2023 | BOOKS | lcc | NFIC | MAIN | MAIN | GEN | 01/23/2023 | 80.00 |